[Event "Quebec-ch Intercoll"]
[Site "Trois Rivieres"]
[Date "1976.04.16"]
[Round "1"]
[White "Hebert, Jean"]
[Black "Vincent, Michel"]
[Result "1-0"]
[WhiteElo "2200"]
[BlackElo "1277"]
[PlyCount "71"]
[EventDate "1976.04.16"]
[EventType "swiss"]
[EventRounds "6"]
[EventCountry "CAN"]
[SourceTitle "EXT 2022"]
[Source "ChessBase"]
[SourceDate "2021.10.06"]
[SourceVersion "1"]
[SourceVersionDate "2021.10.06"]
[SourceQuality "1"]

1. e4 e5 2. Nf3 Nc6 3. Bb5 a6 4. Ba4 Nf6 5. 0-0 Bd6 6. d4 b5 7. Bb3 Nxd4 8. Nxd4 exd4 9. e5 Bxe5 10. Re1 Qe7 11. f4 d6 12. fxe5 dxe5 13. c3 Bg4 14. Qd2 c5 15. cxd4 cxd4 16. a4 0-0 17. axb5 axb5 18. Rxa8 Rxa8 19. Na3 Qc5 20. h3 d3+ 21. Qf2 Qxf2+ 22. Kxf2 Be2 23. Ke3 g5 24. Bd2 Rb8 25. Bb4 e4 26. Rc1 Rd8 27. Rc5 h6 28. Rf5 Kg7 29. Be7 Rd7 30. Bxf6+ Kg6 31. Rf2 d2 32. Kxe2 e3 33. Rf3 h5 34. Bc2+ Kh6 35. Rxe3 Rd6 36. Bc3 1-0